00426nam a2200133Ia 4500008004100000100002100041245001600062260000900078300003300087440002400120650005700144999001900201952007200220180117s9999 xx 000 0 und d aby Jullie Y Daza aMedium rare c2017 a18-20 pages, 2017 January 15 aPhilippine Panorama aINFINITY GARDEN AND UNCONVENTIONAL CONVENTION CENTER c353590d353590 001040aCLbCLd2018-01-17l0r2018-01-17 00:00:00w2018-01-17ySE